| 000 | 00351nam a2200133Ia 4500 | ||
|---|---|---|---|
| 005 | 20260328101445.0 | ||
| 008 | 260328s9999||||xx |||||||||||||| ||und|| | ||
| 100 | _aVon Hagen, Victor Wolfgang | ||
| 245 | 4 |
_aThe Ancient Sun Kingdoms of the Americas / _cVictor Wolfgang Von Hagen |
|
| 260 | _bPaladin | ||
| 300 | _a351 p. | ||
| 650 | _aARTE | ||
| 942 | _cBK | ||
| 999 |
_c8432 _d8432 |
||